000 00464nam a22001697a 4500
003 PILC
005 20151027143257.0
008 130316t xxu||||| |||| 00| 0 eng d
020 _a9781846960727
050 _aQL 676.2
_b.B618 2007
082 _aQL676.2
_bW67 2007
245 _aBirds :
_cBrenda Williams
_bAmazing life cycles /
260 _aGreat Britain:
_bTicktock Entertainment Inc.,
_cc2007.
300 _c28 cm.
942 _2lcc
_cBK
999 _c11861
_d11861